| 000 | 00328nam a2200121Ia 4500 | ||
|---|---|---|---|
| 008 | 221007s9999 xx 000 0 und d | ||
| 041 | _aeng | ||
| 082 |
_a646.72 _bSWA |
||
| 100 |
_aSwami Ramdev Ji Maharaj _996371 |
||
| 245 | _aBhakti Gitanjali Part - 2 | ||
| 260 |
_c2008 _bMoser Baer (i) Limited _aNoida,UP |
||
| 906 |
_a4 _bGeneral |
||
| 999 |
_c60740 _d60740 |
||